<?xml version="1.0" encoding="UTF-8"?>
<collection xmlns="http://www.loc.gov/MARC21/slim">
 <record>
  <leader>02116nam a22002777a 4500</leader>
  <controlfield tag="001">NCT_63295</controlfield>
  <controlfield tag="008">190418b        xxu||||| |||| 00| 0 vie d</controlfield>
  <datafield tag="999" ind1=" " ind2=" ">
   <subfield code="c">3062</subfield>
   <subfield code="d">3062</subfield>
  </datafield>
  <datafield tag="020" ind1=" " ind2=" ">
   <subfield code="a">9786048222154</subfield>
   <subfield code="c">115000</subfield>
  </datafield>
  <datafield tag="082" ind1="0" ind2="4">
   <subfield code="2">23rd ed.</subfield>
   <subfield code="a">577</subfield>
   <subfield code="b">Qu121</subfield>
  </datafield>
  <datafield tag="100" ind1="1" ind2=" ">
   <subfield code="a">Phạm Văn Quân</subfield>
   <subfield code="e">Chủ biên</subfield>
  </datafield>
  <datafield tag="245" ind1="1" ind2="0">
   <subfield code="a">Sinh thái học ứng dụng trong quy hoạch và quản lý môi trường</subfield>
   <subfield code="c">Phạm Văn Quân (chủ biên) ; Vũ Quyết Thắng, Vũ Đình Ngọ</subfield>
  </datafield>
  <datafield tag="260" ind1=" " ind2=" ">
   <subfield code="a">H.</subfield>
   <subfield code="b">Xây dựng</subfield>
   <subfield code="c">2017</subfield>
  </datafield>
  <datafield tag="300" ind1=" " ind2=" ">
   <subfield code="a">221 tr.</subfield>
   <subfield code="b">Biểu đồ</subfield>
   <subfield code="c">27cm</subfield>
  </datafield>
  <datafield tag="520" ind1="3" ind2=" ">
   <subfield code="a">Cung cấp cho đọc giả những kiến thức cơ bản về hệ sinh thái, hệ sinh thái môi trường đất, nước, sinh thái môi trường đô thị và nông thôn, các hệ sinh thái và nguyên lý sinh thái; nhằm giúp người học hiểu rõ vai trò, tầm quan trọng của hệ sinh thái, ứng dụng các nguyên lý sinh thái trong huy hoạch, quản lý và bảo vệ môi trường.</subfield>
  </datafield>
  <datafield tag="653" ind1=" " ind2=" ">
   <subfield code="a">Kỹ thuật môi trường</subfield>
  </datafield>
  <datafield tag="653" ind1=" " ind2=" ">
   <subfield code="a">Quản lý tài nguyên &amp; Môi trường</subfield>
  </datafield>
  <datafield tag="700" ind1="1" ind2=" ">
   <subfield code="a">Vũ Quyết Thắng</subfield>
  </datafield>
  <datafield tag="700" ind1="1" ind2=" ">
   <subfield code="a">Vũ Đình Ngọ</subfield>
  </datafield>
  <datafield tag="942" ind1=" " ind2=" ">
   <subfield code="2">ddc</subfield>
   <subfield code="c">BK</subfield>
  </datafield>
  <datafield tag="952" ind1=" " ind2=" ">
   <subfield code="0">0</subfield>
   <subfield code="1">0</subfield>
   <subfield code="2">ddc</subfield>
   <subfield code="4">0</subfield>
   <subfield code="6">577_000000000000000_QU121</subfield>
   <subfield code="7">0</subfield>
   <subfield code="9">16608</subfield>
   <subfield code="a">000001</subfield>
   <subfield code="b">000001</subfield>
   <subfield code="d">2019-04-18</subfield>
   <subfield code="o">577 Qu121</subfield>
   <subfield code="p">MD.15321</subfield>
   <subfield code="r">2019-04-18</subfield>
   <subfield code="v">115000.00</subfield>
   <subfield code="w">2019-04-18</subfield>
   <subfield code="y">BK</subfield>
  </datafield>
  <datafield tag="952" ind1=" " ind2=" ">
   <subfield code="0">0</subfield>
   <subfield code="1">0</subfield>
   <subfield code="2">ddc</subfield>
   <subfield code="4">0</subfield>
   <subfield code="6">577_000000000000000_QU121</subfield>
   <subfield code="7">0</subfield>
   <subfield code="9">16609</subfield>
   <subfield code="a">000001</subfield>
   <subfield code="b">000001</subfield>
   <subfield code="d">2019-04-18</subfield>
   <subfield code="l">1</subfield>
   <subfield code="o">577 Qu121</subfield>
   <subfield code="p">MD.15322</subfield>
   <subfield code="r">2020-12-30</subfield>
   <subfield code="s">2019-11-22</subfield>
   <subfield code="v">115000.00</subfield>
   <subfield code="w">2019-04-18</subfield>
   <subfield code="y">BK</subfield>
  </datafield>
  <datafield tag="952" ind1=" " ind2=" ">
   <subfield code="0">0</subfield>
   <subfield code="1">0</subfield>
   <subfield code="2">ddc</subfield>
   <subfield code="4">0</subfield>
   <subfield code="6">577_000000000000000_QU121</subfield>
   <subfield code="7">0</subfield>
   <subfield code="9">16610</subfield>
   <subfield code="a">000001</subfield>
   <subfield code="b">000001</subfield>
   <subfield code="d">2019-04-18</subfield>
   <subfield code="o">577 Qu121</subfield>
   <subfield code="p">MD.15323</subfield>
   <subfield code="r">2019-04-18</subfield>
   <subfield code="v">115000.00</subfield>
   <subfield code="w">2019-04-18</subfield>
   <subfield code="y">BK</subfield>
  </datafield>
  <datafield tag="952" ind1=" " ind2=" ">
   <subfield code="0">0</subfield>
   <subfield code="1">0</subfield>
   <subfield code="2">ddc</subfield>
   <subfield code="4">0</subfield>
   <subfield code="6">577_000000000000000_QU121</subfield>
   <subfield code="7">0</subfield>
   <subfield code="9">16611</subfield>
   <subfield code="a">000001</subfield>
   <subfield code="b">000001</subfield>
   <subfield code="d">2019-04-18</subfield>
   <subfield code="o">577 Qu121</subfield>
   <subfield code="p">MD.15324</subfield>
   <subfield code="r">2019-04-18</subfield>
   <subfield code="v">115000.00</subfield>
   <subfield code="w">2019-04-18</subfield>
   <subfield code="y">BK</subfield>
  </datafield>
  <datafield tag="952" ind1=" " ind2=" ">
   <subfield code="0">0</subfield>
   <subfield code="1">0</subfield>
   <subfield code="2">ddc</subfield>
   <subfield code="4">0</subfield>
   <subfield code="6">577_000000000000000_QU121</subfield>
   <subfield code="7">0</subfield>
   <subfield code="9">16612</subfield>
   <subfield code="a">000001</subfield>
   <subfield code="b">000001</subfield>
   <subfield code="d">2019-04-18</subfield>
   <subfield code="o">577 Qu121</subfield>
   <subfield code="p">MD.15325</subfield>
   <subfield code="r">2019-04-18</subfield>
   <subfield code="v">115000.00</subfield>
   <subfield code="w">2019-04-18</subfield>
   <subfield code="y">BK</subfield>
  </datafield>
  <datafield tag="980" ind1=" " ind2=" ">
   <subfield code="a">Thư viện Trường Đại học Nam Cần Thơ</subfield>
  </datafield>
 </record>
</collection>
